Terminus des lignes de RER et des lignes Transilien - Statistiques

Statistiques générales
  • Ce quiz a été pris 1 292 fois
  • Le résultat moyen est 54 sur 107
Statistiques - réponses
Réponse % Correct
Cergy-le-Haut
87%
Gare du Nord
87%
Magenta
87%
Marne-la-Vallée-Chessy
87%
Paris-Est
87%
Paris-Nord
87%
Haussmann-Saint-Lazare
83%
Paris-Saint-Lazare
83%
La Défense
81%
Poissy
81%
Saint-Germain-en-Laye
80%
Saint-Germain-en-Laye-Grande-Ceinture
80%
Boissy-l'Aillerie
78%
Boissy-Saint-Léger
78%
Aéroport Charles-de-Gaulle 2 TGV
77%
Gare de Lyon
76%
Paris-Gare de Lyon
76%
Pontoise
76%
Massy-Palaiseau
74%
Melun
74%
Creil
73%
Mitry-Claye
72%
Robinson
71%
Saint-Rémy-lès-Chevreuse
70%
Nanterre-Préfecture
69%
Nanterre-Université
69%
Châtelet-Les Halles
66%
Versailles-Chantiers
66%
Paris-Montparnasse
65%
Torcy
65%
Chelles-Gournay
64%
Versailles-Château-Rive-Gauche
63%
Juvisy
62%
Mantes-la-Jolie
62%
Tournan
62%
Corbeil-Essonnes
60%
Dourdan
60%
Dourdan-La Forêt
60%
Malesherbes
59%
Aulnay-sous-Bois
57%
La Verrière
54%
Noisy-le-Grand-Mont d'Est
54%
Noisy-le-Roi
54%
Rambouillet
54%
Etampes
53%
Saint-Quentin-en-Yvelines-Montigny-le-Bretonneux
53%
Ermont-Eaubonne
52%
Villiers-le-Bel-Gonesse-Arnouville
52%
Villiers-sur-Marne-Le-Plessis-Trévise
52%
Montargis
51%
Saint-Martin-d'Etampes
51%
Gare d'Austerlitz
49%
Versailles-Rive-Droite
49%
Meaux
48%
Orry-la-Ville-Coye
48%
Provins
48%
Denfert-Rochereau
47%
Dreux
47%
Invalides
47%
Rueil-Malmaison
46%
Goussainville
45%
Orsay-Ville
45%
Château-Thierry
44%
Le Vésinet-Le Pecq
44%
Montereau
44%
La Plaine-Stade de France
41%
Montigny-Beauchamp
41%
Crépy-en-Valois
40%
La Ferté-Alais
39%
La Ferté-Gaucher-Centre
39%
La Ferté-Milon
39%
Persan-Beaumont
39%
Stade de France-Saint-Denis
39%
Argenteuil
38%
Brétigny
38%
Gisors
38%
Saint-Nom-la-Bretèche-Forêt de Marly
37%
Coulommiers
36%
Laplace
36%
Luzarches
36%
Plaisir-Grignon
35%
Maisons-Laffitte
32%
Pont de Rungis-Aéroport d'Orly
32%
Conflans-Sainte-Honorine
31%
Esbly
31%
Vernon-Giverny
29%
Chaville-Vélizy
28%
Crécy-la-Chapelle
28%
Gretz-Armainvilliers
28%
La Varenne-Chennevières
28%
Sarcelles-Saint-Brice
28%
Saint-Cloud
27%
Nogent-Le-Perreux
26%
Valmondois
24%
Bibliothèque François-Mitterrand
23%
Sèvres-Rive-Gauche
23%
Combs-la-Ville-Quincy
20%
Gagny
20%
Les Mureaux
20%
Emerainville-Pontault-Combault
19%
Bécon-les-Bruyères
18%
Pont du Garigliano
18%
Porte de Clichy
16%
Marly-le-Roi
15%
Montsoult-Maffliers
15%
Saint-Leu-la-Forêt
13%
Cormeilles-en-Parisis
9%
Aucun quiz correspondant
Distribution des résultats
% des personnes avec chaque résultat
Percentile par nombre de réponses
Votre historique - résultats
Vous n’avez pas pris ce quiz